000 00888nam a22002297a 4500
005 20240530110902.0
008 220214s2009 ua g 000 0 ara d
017 _bمصر. دار الكتب
020 _a9789953822532
040 _aEG-CaGPL
_cEG-CaGPL
082 0 4 _221
_a321.8/
_bأ ل
100 0 _aامحمد مالكى
245 1 0 _aلماذا انتقل الاخرون الى الديمقراطية وتاخر العرب :
_bدراسة مقارنة لدول عربية مع دول اخرى /
_cامحمد مالكى ( واخ ... )
250 _aط. 1
260 _aبيروت :
_bمركز دراسات الوحدة العربية،
_c2009
300 _a304 ص. ؛
_c24 سم
650 0 7 _2qrmak
_aالديمقراطية
651 0 7 _2qrmak
_aالدول العربية
651 0 7 _aسويسرا
_2qrmak
942 _2ddc
_cBK
999 _c66154
_d66154